Lataa...
Shaping Organisational Strategies : Future Perspectives, Concepts and Cases
| Päätekijä: | |
|---|---|
| Muut tekijät: | |
| Aineistotyyppi: | Printed Book |
| Kieli: | Undetermined English |
| Julkaistu: |
New Delhi
Response Books
2006
|
| Aiheet: |
| LEADER | 00646nam a2200193Ia 4500 | ||
|---|---|---|---|
| 008 | 140306s9999 xx 000 0 und d | ||
| 020 | |a 0761933824 | ||
| 041 | |a eng | ||
| 082 | |a 658.4012 |b GAU/SH | ||
| 100 | |a Atul, Tandan | ||
| 245 | |a Shaping Organisational Strategies : Future Perspectives, Concepts and Cases | ||
| 260 | |a New Delhi |b Response Books |c 2006 | ||
| 300 | |a 235 | ||
| 365 | |b Rs. 680/- | ||
| 650 | |a Managing OrganisationaL Crisis | ||
| 700 | |a Gautam Raj, Jain | ||
| 942 | |2 ddc |c BK | ||
| 999 | |c 186757 |d 186757 | ||
| 952 | |0 0 |1 0 |2 ddc |4 0 |6 658_401200000000000_GAU_SH |7 0 |9 192771 |a KAUCBV |b KAUCBV |g 680.00 |o 658.4012 GAU/SH |r 2014-03-22 |w 2014-03-22 |y BK | ||